Регионална библиотека "Любен Каравелов" - Русе

Ловци на скалпове (Запис номер 158064)

MARC детайли
000 -Лидер
Контролно поле с фиксирана дължина 01268nam a2200313 c 4500
003 - Код на организацията, давaща контролен номер
Контролно поле BLK
005 - Дата и час на последна редакция
Контролно поле 20230908162558.0
008 - Елементи от данни с фиксирана дължина
fixed length control field 180410b bul|||||r ||||||| ||bul||
010 ## - Наследен системен номер
LC control number KNG00165032000
040 ## - Източник на каталожния запис
Идентификатор на билиотеката - собственик на записа BLK
041 ## - Код за език
Код за езика на текст/звукозапис или на отделно заглавие Български
Код за езика КДБФ Български
080 ## - УДК
Текстов определител УДК Английска литература
УДК код - определител по УДК 821.111
УДК определител -31
УДК - код + определител 821.111-31
100 1# - Редна дума - Автор
Автор Рид, Томас Майн
Дати, свързани с автора 1818-1883
Авторска отговорност първи автор
R(LIN) 365222
139 ## - Редно поле
Редна дума Рид, Томас Майн
Авторски знак Рид - Р 59
245 10 - Сведения за заглавието
Заглавие Ловци на скалпове
Редно поле (дума) Томас Майн Рид; прев. Александър Михайлов Паскалев.
250 ## - Област на изданието
Сведения за изданието 2. осъвр. изд.
257 ## - Страна на издаване
Страна на създаване/издаване Великобритания
260 ## - Област на издателските данни
-- София
Име на издателя, разпространителя и проч. Абагар-МК'90
Година на издаване 1991
Печатница София : Балканпрес
300 ## - Физическа характеристика
Страници 158 с.
Размери/Мащаб 20 см
380 ## - Жанр
Жанр Худож. лит.
500 ## - Общи забележки
Забележка Ориг. загл. The Scalp-Hunter / Thomas Mayne Reid. - 1. изд. 1946 на изд. Слънце. - Офс. изд.
700 1# - Други автори (авторска отговорност)
Лично име Паскалев, Александър Михайлов
Автороска отговорност (Описва отношението между автора и произведението) прев.
9 (RLIN) 381422
852 ## - Местоположение
Форматна сигнатура Цб 165522
856 4# - Електронен адрес и достъп
Електронен формат pdf - файл
Път до файла /url/
856 4# - Електронен адрес и достъп
Електронен формат pdf - файл
Път до файла /url/
942 ## - АРТИКУЛИ
Вид на библиотечния материал Книги
Скрит в OPAC Не
Koha issues (borrowed), all copies 1
944 ## - СЪЗДАВАНЕ И РЕДАКЦИЯ на ЗАПИСА
Създаване/Редакция Създаване
Дата на регистрацията/редакция 19.09.2014
Статус, дата на статуса Ива Цветкова
Служител, извършил регистрацията/редакцията 30543
944 ## - СЪЗДАВАНЕ И РЕДАКЦИЯ на ЗАПИСА
Създаване/Редакция Редакция
Дата на регистрацията/редакция 03.10.2017
Статус, дата на статуса ф /
Служител, извършил регистрацията/редакцията Геновева_Генчева
999 ## - СИСТЕМНИ КОНТРОЛНИ НОМЕРА
Koha biblionumber 158064
Koha biblioitemnumber 158064
Наличности
Код за отписване Код за изгубен артикул Код за повреда Коз за рестрикции Код за отдаване Артикулен № Име на библиотеката - собственик Име на библиотеката, в която се намира в момента Статус (Текущо местоположение) Дата на вписване в системата Местоположение - отдел Цена в лева Инвентарен номер Систематично азбучна сигнатура Баркод Номер на екземпляра Цена в евро Служебна бележка Служебен тип на артикула Източник на класификационната схема Бележка за публиката
  Не е изгубен Не е повреден без рестрикции заемане за дома 264534 Регионална библиотека "Любен Каравелов" Русе Регионална библиотека "Любен Каравелов" Русе Детски отдел 2014-09-12 Детски отдел 3.00 120000780869 ДХ 820/899/Р 59 120000780869 1 1.53 Дост: DA Вид: А N: 18 Дата: 12.09.2014 Дата инв: 10.08.2015 Бележки инв: Д2015 Книги    
  Не е изгубен Не е повреден без рестрикции ползва се в читалня 264535 Регионална библиотека "Любен Каравелов" Русе Регионална библиотека "Любен Каравелов" Русе Хранилище 1991-01-01 Хранилище 7.00 545862 Цб 165522 120000545862 2 3.58 Дост: Dp Вид: Д N: стар фонд Дата: 01.01.1991 Книги Universal Decimal Classification  
Изтеглен Не е изгубен Не е повреден без рестрикции заемане за дома 264536 Регионална библиотека "Любен Каравелов" Русе Регионална библиотека "Любен Каравелов" Русе Заемна - подръчен фонд 1991-01-01 Заемна - подръчен фонд 7.00 549249 П 820-31/Р 59 549249 3 3.58 Дост: Pk Вид: Ф N: стар фонд Дата: 01.01.1991 Книги Universal Decimal Classification  
Изтеглен Не е изгубен Не е повреден без рестрикции заемане за дома 264537 Регионална библиотека "Любен Каравелов" Русе Регионална библиотека "Любен Каравелов" Русе   1991-01-01 Детски отдел 1.00 549250 ДХ 820/899/Р 59 549250 4 0.51 Дост: Pk Вид: Ф N: стар фонд Дата: 01.01.1991 Дата инв: 14.09.2015 Бележки инв: Д2015 Книги   Отч.N: 47/2017 , Дата: 05.10.2017
Изтеглен Не е изгубен Не е повреден без рестрикции заемане за дома 264538 Регионална библиотека "Любен Каравелов" Русе Регионална библиотека "Любен Каравелов" Русе Детски отдел 1991-01-01 Детски отдел 7.00 549251 ДХ 820/899/Р 59 549251 5 3.58 Дост: Pk Вид: Ф N: стар фонд Дата: 01.01.1991 Дата инв: 14.09.2015 Бележки инв: Д2015 Книги Universal Decimal Classification  
Vip Innovations Ltd, Rousse, Bulgaria 2025